header

The social thought of Ortega y Gasset (Record no. 4697)

MARC details
000 -LEADER
fixed length control field 01437nam a22003254a 4500
082 04 - DEWEY DECIMAL CLASSIFICATION NUMBER
Classification number 301
100 1# - MAIN ENTRY--AUTHOR NAME
Personal name Graham, John T.
245 14 - TITLE STATEMENT
Title The social thought of Ortega y Gasset
260 ## - PUBLICATION, DISTRIBUTION, ETC. (IMPRINT)
Place of publication Columbia :
Name of publisher University of Missouri Press,
Year of publication c2001.
300 ## - PHYSICAL DESCRIPTION
Number of Pages xxx, 529 p.
500 ## - GENERAL NOTE
General note "The third volume in a series of comprehensive studies on the thought of Ortega y Gasset."
650 #0 - SUBJECT ADDED ENTRY--TOPICAL TERM
Topical Term Sociology.
856 40 - ELECTRONIC LOCATION AND ACCESS
Uniform Resource Identifier http://site.ebrary.com/lib/rucke/Doc?id=10001680

No items available.

© 2026 Rongo University
Contact us: librarian | system librarian | Rongo university